000 02313nam a2200313 i 4500
001 768714001
003 CO-MdFUSB
005 20211104090239.0
007 ta
008 210726t1903 enk |||| |||| 00| 0 eng d
020 _a[No incluye ISBN]
040 _aCO-MdFUSB
_bspa
_cCO-MdFUSB
_dCO-MdFUSBC
_erda
041 _aeng
082 _223
_a226.5066
_bD795
100 _aDrummond, James,
_eautor
245 3 _aAn inquiry into the character and authorship of the Fourth Gospel
_c/ James Drummond
264 1 _aLondres :
_bWilliams and Norgate,
_c[1903]
264 4 _c© 1903
300 _a528 páginas
_c; 22 cm
336 _2rdacontent
_atexto
_btxt
337 _2rdamedia
_aotro
_bn
338 _2rdacarrier
_avolumen
_bnc
505 _aLibro 1: Carácter general del cuarto evangelio - Contenido y plan del evangelio - Comparación del evangelio con los sinópticos - El propósito con el que se escribió el evangelio - ¿Hasta qué punto es histórico el evangelio? -Libro 2: Autoría - Evidencia externa - Estado general de creencia en la última parte del siglo II - Justino Mártir - El evangelio y la primera epístola de Juan - La epístola de policarpo - Papías y el presbítero Juan: el pastor de Hermas; Las epístolas de Bernabé y de Ignacio; y Juan XXI 24 - Las Homilías Clementinas - Los Valentinianos - Marción - Basílides - Naasenni, Perpatæ, Alogi y Docetæ - Resultados de la evidencia externa - Evidencia externa - Evidencia interna a favor de la visión tradicional - El autor es un judío de habla aramea - El conocimiento del escritor sobre la topografía de Palestina - Presuntos signos de que el escritor fue un testigo ocular - Argumentos y observaciones finales - Objeciones a la visión tradicional - Pasajes sobre el testigo ocular - Presuntos signos de que la obra es de un discípulo del apóstol - Presunto anti- Carácter judaico del evangelio y formación filosófica griega del autor - ¿Pudo haber sido dibujado un amigo personal el retrato de Jesús? - El carácter ahistórico del libro - La ignorancia de Palestina y los usos judíos - La objeción de la autoría del apocalipsis - La controversia pascual.
563 _aTapa dura
630 7 _aBiblia.
_pJuan
_xCrítica, interpretación, etc.
942 _cP
945 _aJTF-925
999 _c66774
_d66774